| 000 | 00606nam a22002291c 4500 | ||
|---|---|---|---|
| 001 | a987690482 | ||
| 008 | 180905s1988 gw |||| 000u ger d | ||
| 020 |
_a3451085925 _93-451-08592-5 |
||
| 041 | _ager | ||
| 100 | 1 | _aGötz, Hans Herbert | |
| 245 | 0 | 0 |
_aManager zwischen Marx und Markt : _bGeneraldirektoren in der DDR |
| 264 |
_aFreiburg im Breisgau : _bHerder, _c1988 |
||
| 300 | _a128 Seiten | ||
| 650 | 0 | _aFührungskraft | |
| 650 | 0 | _aIndustrie | |
| 650 | 0 | _aUnternehmer | |
| 650 | 0 | _aBiografie | |
| 651 | 0 | _aDeutschland (DDR) | |
| 942 | _cMG | ||
| 040 | _cRU-10907106 | ||
| 003 | RU-10907106 | ||
| 999 |
_c35315 _d35315 |
||